KOHA-Header-6

21st century psychology : (Record no. 12588)

000 -LEADER
fixed length control field 01666cam a2200409 a 4500
001 - CONTROL NUMBER
control field 14949813
003 - CONTROL NUMBER IDENTIFIER
control field MAJU-Karachi
005 - DATE AND TIME OF LATEST TRANSACTION
control field 20201003131828.0
008 - FIXED-LENGTH DATA ELEMENTS--GENERAL INFORMATION
fixed length control field 070801s2008 caua bf 001 0 eng
010 ## - LIBRARY OF CONGRESS CONTROL NUMBER
LC control number 2007031738
015 ## - NATIONAL BIBLIOGRAPHY NUMBER
National bibliography number GBA788683
Source bnb
016 7# - NATIONAL BIBLIOGRAPHIC AGENCY CONTROL NUMBER
Record control number 014235705
Source Uk
020 ## - INTERNATIONAL STANDARD BOOK NUMBER
International Standard Book Number 9781412949682 (alk. paper)
020 ## - INTERNATIONAL STANDARD BOOK NUMBER
International Standard Book Number 1412949688 (alk. paper)
035 ## - SYSTEM CONTROL NUMBER
System control number (OCoLC)ocn163614067
035 ## - SYSTEM CONTROL NUMBER
System control number (OCoLC)163614067
Canceled/invalid control number (OCoLC)145554795
040 ## - CATALOGING SOURCE
Original cataloging agency DLC
Transcribing agency DLC
Modifying agency YDX
-- BAKER
-- YDXCP
-- BTCTA
-- EZU
-- NLGGC
-- BWX
-- UKM
-- MUQ
-- DLC
050 00 - LIBRARY OF CONGRESS CALL NUMBER
Classification number BF131
Item number .A15 2008
082 00 - DEWEY DECIMAL CLASSIFICATION NUMBER
Classification number 150
Edition number 22
084 ## - OTHER CLASSIFICATION NUMBER
Classification number 77.00
Source of number bcl
100 ## - MAIN ENTRY--PERSONAL NAME
Personal name Buskist, William F
245 00 - TITLE STATEMENT
Title 21st century psychology :
Remainder of title a reference handbook /
Statement of responsibility, etc edited by Stephen F. Davis, William Buskist.
246 3# - VARYING FORM OF TITLE
Title proper/short title Twenty first century psychology
260 ## - PUBLICATION, DISTRIBUTION, ETC. (IMPRINT)
Place of publication, distribution, etc Los Angeles :
Name of publisher, distributor, etc SAGE Publications,
Date of publication, distribution, etc c2008.
300 ## - PHYSICAL DESCRIPTION
Extent 2 v. :
Other physical details ill. ;
Dimensions 29 cm.
440 #0 - SERIES STATEMENT/ADDED ENTRY--TITLE
Title 21st century reference series
504 ## - BIBLIOGRAPHY, ETC. NOTE
Bibliography, etc Includes bibliographical references and index.
650 #0 - SUBJECT ADDED ENTRY--TOPICAL TERM
Topical term or geographic name as entry element Psychology
Form subdivision Handbooks, manuals, etc.
700 1# - ADDED ENTRY--PERSONAL NAME
Personal name Davis, Stephen F.
700 1# - ADDED ENTRY--PERSONAL NAME
Personal name Buskist, William.
856 41 - ELECTRONIC LOCATION AND ACCESS
Materials specified Table of contents only
Uniform Resource Identifier <a href="http://www.loc.gov/catdir/toc/ecip0724/2007031738.html">http://www.loc.gov/catdir/toc/ecip0724/2007031738.html</a>
856 42 - ELECTRONIC LOCATION AND ACCESS
Materials specified Contributor biographical information
Uniform Resource Identifier <a href="http://www.loc.gov/catdir/enhancements/fy0828/2007031738-b.html">http://www.loc.gov/catdir/enhancements/fy0828/2007031738-b.html</a>
856 42 - ELECTRONIC LOCATION AND ACCESS
Materials specified Publisher description
Uniform Resource Identifier <a href="http://www.loc.gov/catdir/enhancements/fy0828/2007031738-d.html">http://www.loc.gov/catdir/enhancements/fy0828/2007031738-d.html</a>
906 ## - LOCAL DATA ELEMENT F, LDF (RLIN)
a 7
b cbc
c orignew
d 1
e ecip
f 20
g y-gencatlg
942 ## - ADDED ENTRY ELEMENTS (KOHA)
Source of classification or shelving scheme
Koha item type Psychology
Holdings
Withdrawn status Lost status Source of classification or shelving scheme Damaged status Not for loan Collection code Permanent Location Current Location Shelving location Date acquired Full call number Barcode Date last seen Price effective from Koha item type
&nbsp; &nbsp; &nbsp; &nbsp; &nbsp; Psychology MAJU MAJU Shelf No.B35 2020-10-03 150 9760 2020-10-03 2020-10-03 Psychology
&nbsp; &nbsp; &nbsp; &nbsp; &nbsp; Psychology MAJU MAJU Shelf No.B35 2020-10-03 150 9761 2021-10-21 2020-10-03 Psychology

Powered by Koha